000 00760nam a2200253Ia 4500
003 OSt
005 20221005092706.0
006 a|||||r|||| 00| 0
007 ta
008 221004b |||||||| |||| 00| 0 eng d
020 _a0684852624 (hbk)
_c2400
024 _a89177
037 _b153, 24/12/2007, Prachi Book Distributors
_cTextual
040 _aCRL
_cCRL
_beng
041 _2eng
_aeng
082 _aV73.N7, N9
100 _aWoodward Bob
245 0 _aShadow
_b five presidents and the legacy of watergate
260 _aNew York
_bSimon & Schuster U. S. A.
_c1999
300 _a592p.
_ccm.
650 _aHISTORY
942 _hV73.N7, N9
_cTEXL
_2cc
999 _c999231
_d999231